000 00578nam a2200193Ia 4500
005 20250507130222.0
008 008 250505s9999 xx 000 0 eng d
037 _aSeries Article
040 _aEASL
_beng
_cEASL
041 _aeng
_2eng
084 _qEASL
100 _aDaechsel Markus
245 0 _aSovereignty, governmentality and development in ayub's Pakistan:the case of korangi township
260 _aUK
_bCambridge Cambridge University Press UK
_c2011
300 _a131-158
650 _aAsian Studies
942 _cSRA
999 _c1318386
_d1318386